Normale Ansicht MARC-Ansicht ISBD

Länderbericht Sowjetunion (Titelsatznr. 38841)

[ MARC ]
MARC-Details
000 -Satzkennung
Kontrollfeld mit fester Länge 00594nam a22002051c 4500
001 - Kontrollnummer
Kontrollfeld a987677082
008 - Feld mit fester Länge zur physischen Beschreibung - Allgemeine Angaben
Kontrollfeld mit fester Länge 160907s1988 gw |||| 000u ger d
020 ## - Internationale Standardbuchnummer
Internationale Standardbuchnummer 3893310193
Verknüpfung 3-89331-019-3
041 ## - Sprachcode
Sprachcode des Textes/der Tonspur oder des separaten Titels ger
040 ## - Katalogisierungsquelle
Übertragungsstelle RU-10907106
003 - Kontrollnummer Identifier
Kontrollfeld RU-10907106
245 00 - Titel
Titel Länderbericht Sowjetunion
250 ## - Ausgabebezeichnung
Ausgabebezeichnung 2.aktualisierte Aufl.
264 ## - Produktion, Veröffentlichung, Distribution, Herstellung und Urheberrechtsvermerk
Herstellungs-, Veröffentlichungs- Vertriebs-, Erzeugungsort Bonn :
Produzent, Herausgeber, Distributor, Hersteller Bundeszentrale für Politische Bildung,
Datum der Herstellung, der Veröffentlichung, des Vertriebs oder des Urheberschutzvermerks 1988
300 ## - Physische Beschreibung
Umfang 607 S.
490 #0 - Gesamttitelangabe
Gesamttitelangabe Schriftenreihe / Bundeszentrale für politische Bildung
Bandnummer/Folgebezeichnung 263
651 #0 - Nebeneintragung unter einem Schlagwort - Geografischer Name
Geografischer Name Sowjetunion
700 1# - Nebeneintragung - Personenname
Personenname Bütow, Hellmuth G.
Funktionsbezeichnung HerausgeberIn
942 ## - Zusätzliche Felder (Koha)
Koha-Medientyp Monographien
Exemplare
Ausgeschieden Verloren Klassifikation oder Aufstellungssystematik Beschädigt Nicht entleihbar Heimatbibliothek Aufenthaltsbibliothek Aufstellungsort Erwerbungsdatum Inventarnummer Signatur Barcode Letzte Aktivität Preis gültig von Koha-Medientyp
    Andere/Generische Klassifikation     MWN Osteuropa MWN Osteuropa Magazin - 2 07/09/2016 16-02927 Ersatzß R 65 b Büt E0040150790B1ADC 23/02/2021 22/03/2021 Monographien